Perspectives in environment / (Record no. 1147)

MARC details
000 -LEADER
fixed length control field 00635nam a22002177a 4500
005 - DATE AND TIME OF LATEST TRANSACTION
control field 20240503090700.0
008 - FIXED-LENGTH DATA ELEMENTS--GENERAL INFORMATION
fixed length control field 240503b |||||||| |||| 00| 0 eng d
020 ## - INTERNATIONAL STANDARD BOOK NUMBER
International Standard Book Number 8170249724
040 ## - CATALOGING SOURCE
Original cataloging agency KMU
Transcribing agency KMU
Modifying agency KMU
050 ## - LIBRARY OF CONGRESS CALL NUMBER
Classification number S 942 Per
245 ## - TITLE STATEMENT
Title Perspectives in environment /
Statement of responsibility, etc. Edited by Dr. S.K Agarwal, J.P Kaushik, K.K Koul and A.K Jain
260 ## - PUBLICATION, DISTRIBUTION, ETC.
Place of publication, distribution, etc. New Delhi ;
Name of publisher, distributor, etc. A.P.H Publishing ,
Date of publication, distribution, etc. 1998.
300 ## - PHYSICAL DESCRIPTION
Extent xv,381 pages :
Other physical details illus ;
Dimensions 25 cm.
500 ## - GENERAL NOTE
General note includes an index.
650 ## - SUBJECT ADDED ENTRY--TOPICAL TERM
Topical term or geographic name entry element Environment
700 ## - ADDED ENTRY--PERSONAL NAME
Personal name Dr. Agarwal, S.K
700 ## - ADDED ENTRY--PERSONAL NAME
Personal name Jain, A.K
700 ## - ADDED ENTRY--PERSONAL NAME
Personal name Kaushik, J.P
700 ## - ADDED ENTRY--PERSONAL NAME
Personal name Koul, K.K
942 ## - ADDED ENTRY ELEMENTS (KOHA)
Source of classification or shelving scheme Library of Congress Classification
Koha item type Non-Fiction
Suppress in OPAC No
Holdings
Withdrawn status Lost status Source of classification or shelving scheme Damaged status Not for loan Collection Home library Current library Shelving location Date acquired Source of acquisition Total Checkouts Full call number Barcode Date last seen Price effective from Koha item type
    Library of Congress Classification     Non-fiction Kapasa Makasa University Kapasa Makasa University Open Access 03.05.2024 Book Aid   S 942 Per 733169 03.05.2024 03.05.2024 Non-Fiction